000 00810nmm a2200265 a 4500
001 ocm0001256954
003 TR-IsHL
005 20201028160742.0
008 160715s2016 tu tur
007 cr cn
020 _a9786054461912
035 _a1256954
_b(N$T)
050 0 4 _aPL248.Y55
_bU9 2016
090 0 4 _aPL248.Y55
_bU9 2016
100 1 _aYıldız, Ömer Faruk
245 1 0 _aUzak yüreğim
_h[electronic resource] /
_cÖmer Faruk Yıldız
260 _aİstanbul :
_bAres Kitap,
_c2016
300 _a95 p.
650 4 _aDil ve Edebiyat
650 4 _aLanguage and Literature
650 0 _aTürk şiiri
650 0 _aTurkish poetry
650 7 _aPOETRY / Middle Eastern
_2bisacsh
856 4 0 _uhttp://search.ebscohost.com/login.aspx?direct=true&scope=site&db=e011xww&AN=1256954
999 _c13764
_d13764